000 00472nam a2200169 i 4500
001 57760
003 ES-MaACL
005 20250930063054.0
007 t|
008 031017s1915 xxu ||||1| eng d
100 1 _aDreiser, Theodore,
_d1871-1945
_945598
245 1 4 _aThe "genius" /
_cby Theodore Dreiser.
260 _aNew York :
_b[s.n.],
_c1915 (
_fImp. Little & Ives)
300 _a736 p. ;
_c20 cm.
852 _aES-MaACL
_jF-5553
999 _c57760
_d57760